|
|
|
|
| LEADER |
00000nab a2200000ua 4500 |
| 001 |
vtls010847751 |
| 003 |
SK-MaSNL |
| 005 |
20260303182955.0 |
| 008 |
230218s1973 xo |||||||||||||||||eng| |
| 035 |
|
|
|a (urnnbn)urn:nbn:sk:snk:ar-a077ki
|
| 035 |
|
|
|a urn:nbn:sk:snk-ab68ub
|
| 035 |
|
|
|a (uuid)78747923-70a9-4033-a6d4-eb94f305ef20
|
| 040 |
|
|
|a SNKBUCL
|b slo
|c SNKBUCL
|e AACR2
|
| 041 |
0 |
|
|a eng
|
| 044 |
|
|
|a xo
|c SK
|
| 100 |
1 |
|
|a Krištín, Jozef,
|d 1943-
|4 aut
|9 27468
|
| 245 |
1 |
0 |
|a X-RAY EMISSION SPECTRA STUDIES OF SOME SULPHUR CONTAINING MINERALS BY ELECTRON MICROPROBE
|c Jozef Krištín, Stanislav Košina
|
| 700 |
1 |
|
|a Košina, Stanislav,
|d 1944-
|4 aut
|9 48492
|
| 773 |
0 |
|
|t Geologický zborník
|g Roč. 24, č. 1 (1973), s. 197-201
|
| 958 |
|
|
|a OND
|
| 958 |
|
|
|a EUIPO
|
| 958 |
|
|
|a article5
|
| 999 |
|
|
|c 2118903
|d 2120833
|